التدقيق المحاسبي من منظور المعايير الدولية ومدى إمكانية تطبيقها في الجزائر /
Saved in:
| Main Author: | |
|---|---|
| Other Authors: | |
| Format: | Thesis |
| Language: | Arabic |
| Published: |
Jaza'ir :
Jami'at al-Jaza'ir,
2011
|
| Subjects: | |
| Tags: |
Add Tag
No Tags, Be the first to tag this record!
|
| LEADER | 012280000a22002530004500 | ||
|---|---|---|---|
| 008 | 141111s2011 ua a f 000 0 ara d | ||
| 040 | |a UIAM |b eng | ||
| 041 | |a ara | ||
| 043 | |a f-ae--- | ||
| 050 | 0 | |a HF5616.A4 | |
| 100 | 1 | |a مازون، محمد أمين | |
| 242 | 1 | 3 | |a al-Tadqiq al-muhasibi min manzur al-ma'ayir al-dawliyah wa-mada imkaniyat tatbiquha fi al-Jaza'ir |
| 245 | 1 | 2 | |a التدقيق المحاسبي من منظور المعايير الدولية ومدى إمكانية تطبيقها في الجزائر / |c محمد أمين مازون |
| 260 | |a Jaza'ir : |b Jami'at al-Jaza'ir, |c 2011 | ||
| 300 | |a viii, 186 leaves : |b ill. ; |c 30 cm. | ||
| 500 | |a "مذكرة مقدمة ضمن متطلبات نيل شهادة الماجستير في العلوم التجارية" --On t.p. | ||
| 502 | |a Thesis (M.A.)--Jami'at al-Jaza'ir, 2011 | ||
| 504 | |a Includes bibliographical references (leaves 163-168). | ||
| 596 | |a 1 | ||
| 655 | |a Theses, Facsimile edition (Islamic) | ||
| 700 | 1 | |a Mazun, Muhammad Amin | |
| 900 | |a arf-nbm-sar | ||
| 999 | |c 437855 |d 469712 | ||
| 952 | |0 0 |6 TI HF 005616 A4 M476T 2011 |7 0 |8 THESES |9 759219 |a IIUM |b IIUM |c MULTIMEDIA |g 0.00 |o ti HF 5616 A4 M476T 2011 |p 00011293405 |r 2017-10-23 |t 1 |v 0.00 |y THESIS | ||
